Partielle differentialgleichungen /

Guardado en:
Autor Principal: Hoheisel, G. 1894-
Formato: Libro
Idioma:German
Publicado: Berlin ; Leipzig : W. de Gruyter, 1943.
Edición:2. neubearbeitete Aufl.
Series:Sammlung Göschen ; 1003
Materias:
Etiquetas: Agregar Etiqueta
Sin Etiquetas, Sea el primero en etiquetar este registro!
LEADER 00711nam a22002171a 4500
001 MAT.inmabb005660
008 870306s1943####gw#######b####000#0#ger##
005 20130315120701.0
245 1 0 |a Partielle differentialgleichungen /  |c von dr. G. Hoheisel ... 
250 |a 2. neubearbeitete Aufl. 
260 |a Berlin ;  |a Leipzig :  |b W. de Gruyter,  |c 1943. 
300 |a 159 p. ;  |c 16 cm. 
490 0 |a Sammlung Göschen ;  |v 1003 
504 |a "Literatur": p. [4] 
510 4 |a MR,  |c 23 #A1912  |3 (de la 4ª ed.) 
100 1 |a Hoheisel, G.  |q (Guido),  |d 1894- 
650 0 |a Differential equations, Partial. 
084 |a 35-01  |2 msc2000 
010 |a  29002212  
040 |a DLC/ICU  |c ICU  |d DLC 
859 |h 35  |i H717  |p A-3388  |b BIB. MATEMATICA